| 000 -LEADER |
| fixed length control field |
00416nam a22001457a 4500 |
| 008 - FIXED-LENGTH DATA ELEMENTS--GENERAL INFORMATION |
| fixed length control field |
200214b ||||| |||| 00| 0 eng d |
| 082 00 - DEWEY DECIMAL CLASSIFICATION NUMBER |
| Classification number |
929.92 |
| Item number |
A7913 |
| 110 ## - MAIN ENTRY--CORPORATE NAME |
| 9 (RLIN) |
1706 |
| Corporate name or jurisdiction name as entry element |
Anglo French Limited Services |
| 245 10 - TITLE STATEMENT |
| Title |
Vlaggen Flags Drapeaux Die Flaggen |
| 260 ## - PUBLICATION, DISTRIBUTION, ETC. (IMPRINT) |
| Place of publication, distribution, etc |
Holland |
| Name of publisher, distributor, etc |
Anglo French Limited Services |
| Date of publication, distribution, etc |
1951 |
| 300 ## - PHYSICAL DESCRIPTION |
| Extent |
63p. |
| 365 ## - TRADE PRICE |
| Unit of pricing |
3.12 |
| 650 #0 - SUBJECT ADDED ENTRY--TOPICAL TERM |
| Topical term or geographic name as entry element |
Flag |
| 942 ## - ADDED ENTRY ELEMENTS (KOHA) |
| Item type |
Books |